LDR 00786naa#a2200169#i#450# 001 EN\INFRA-M\bibl\113586 005 20260513185249.3 011 ## _a1998-1740 100 ## _a20260430b2026####ek#y0engy0150####ca 102 ## _aRU 200 1# _aProfessional training of specialists in socio-cultural activities in the context of the development of modern digital technologies _eJournal article 210 1# _aMoscow _cINFRA-M Academic Publishing LLC. _d2026 215 ## _a5 с. 608 ## _aJournal article _2local 675 ## _aВысшее образование. Высшая школа. Подготовка научных кадров. 378 _aОбразование. Воспитание. Обучение. Организация досуга. 37 _z 700 #1 _aKorgozha _gNatal'ya Stepanovna 856 4# _anaukaru.ru _u